Les français qui ont gagné au moins 3 médailles d'or aux JO - Statistiques

Statistiques générales
  • Ce quiz a été pris 58 fois
  • Le résultat moyen est 7 sur 20
Statistiques - réponses
Discipline Nombre de médailles d'or Réponse % Correct
Judo 5 Teddy Riner
98%
Natation 4 Léon Marchand
93%
Biathlon 6 Martin Fourcade
89%
Handball 3 Nikola Karabatic
80%
Canoë-kayak 3 Tony Estanguet
67%
Athlétisme 3 Marie-José Pérec
62%
Ski alpin 3 Jean-Claude Killy
40%
Judo 3 Clarisse Agbegnenou
36%
Handball 3 Luc Abalo
36%
Handball 3 Michaël Guigou
33%
Cyclisme 3 Félicia Ballanger
18%
Cyclisme 3 Florian Rousseau
18%
Cyclisme 3 Daniel Morelon
11%
Escrime 4 Christian d'Oriola
9%
Escrime 3 Jehan Buhan
0%
Escrime 4 Lucien Gaudin
0%
Cyclisme 3 Paul Masson
0%
Escrime 3 Philippe Cattiau
0%
Cyclisme 3 Robert Charpentier
0%
Escrime 3 Roger Ducret
0%
Aucun quiz correspondant
Distribution des résultats
% des personnes avec chaque résultat
Percentile par nombre de réponses
Votre historique - résultats
Vous n’avez pas pris ce quiz